[Event "Angers op 5th"]
[Site "Angers"]
[Date "2010.04.25"]
[Round "5"]
[White "Boudeau, Julien"]
[Black "Roche, Jean Francois"]
[Result "1-0"]
[WhiteElo "1713"]
[BlackElo "1560"]
[PlyCount "133"]
[EventDate "2010.04.23"]
[EventType "swiss"]
[EventRounds "6"]
[EventCountry "FRA"]
[SourceTitle "EXT 2011"]
[Source "ChessBase"]
[SourceDate "2010.11.26"]
[SourceVersion "1"]
[SourceVersionDate "2010.11.26"]
[SourceQuality "1"]

1. e4 Nf6 2. e5 Nd5 3. d4 d6 4. Nf3 dxe5 5. Nxe5 e6 6. g3 Be7 7. Bg2 0-0 8. 0-0 Nd7 9. Re1 Nxe5 10. dxe5 c6 11. Bd2 f5 12. c4 Nb6 13. b3 a5 14. Nc3 Bd7 15. Qc2 Be8 16. Rad1 Bg6 17. Bf4 Qc7 18. Ne2 Bf7 19. h4 Nd7 20. Nd4 Bb4 21. Re2 Bc5 22. Rd3 Rfd8 23. Nf3 Nf8 24. Red2 h6 25. Be3 Bb4 26. Rxd8 Rxd8 27. Rxd8 Qxd8 28. Bd2 Bc5 29. Bc3 Bg6 30. Qd2 Qc7 31. Bxa5 b6 32. Bb4 Bxb4 33. Qxb4 c5 34. Qd2 Be8 35. Qd6 Qa7 36. a4 Bd7 37. Ne1 Bc8 38. Nd3 g5 39. hxg5 hxg5 40. Qd8 Qd7 41. Qxg5+ Kf7 42. Qe3 Ke8 43. Bf3 Qh7 44. Qg5 Kd7 45. Qd2 Kd8 46. Nxc5+ Bd7 47. Nxd7 Qxd7 48. Qxd7+ Nxd7 49. Be2 Nxe5 50. f4 Nc6 51. Kf2 Nd4 52. Bd1 Kc7 53. Ke3 Nc6 54. g4 fxg4 55. Bxg4 Kd6 56. Ke4 Na5 57. Bd1 Nc6 58. Kd3 Kc5 59. Kc3 Nb4 60. Bg4 Na2+ 61. Kb2 Nb4 62. Bxe6 Nd3+ 63. Kc3 Nxf4 64. b4+ Kd6 65. Bg4 Ng6 66. Kd4 Ne5 67. c5+ 1-0

[Event "Angers op 5th"]
[Site "Angers"]
[Date "2010.04.24"]
[Round "4"]
[White "Chatelain, Antoine"]
[Black "Boudeau, Julien"]
[Result "1/2-1/2"]
[WhiteElo "1618"]
[BlackElo "1713"]
[PlyCount "64"]
[EventDate "2010.04.23"]
[EventType "swiss"]
[EventRounds "6"]
[EventCountry "FRA"]
[SourceTitle "EXT 2011"]
[Source "ChessBase"]
[SourceDate "2010.11.26"]
[SourceVersion "1"]
[SourceVersionDate "2010.11.26"]
[SourceQuality "1"]

1. d4 Nf6 2. c4 e6 3. Nf3 b6 4. Nc3 Bb7 5. g3 Be7 6. Bg2 0-0 7. 0-0 d5 8. cxd5 Nxd5 9. Nxd5 Bxd5 10. Bf4 Nd7 11. a3 Nf6 12. Rc1 Rc8 13. Ne5 Bxg2 14. Kxg2 Qd5+ 15. f3 c5 16. e4 Qxd4 17. Qxd4 cxd4 18. Nc6 Rfe8 19. Nxd4 Bc5 20. Nb3 Nd7 21. Rfd1 Red8 22. Nxc5 Nxc5 23. Rxd8+ Rxd8 24. Rc2 Nd3 25. Bd2 Kf8 26. Rc7 Nxb2 27. Bb4+ Kg8 28. Rxa7 Nd3 29. Bd6 g5 30. Be7 Rc8 31. Bf6 Rc2+ 32. Kg1 Rc1+ 1/2-1/2

[Event "Angers op 4th"]
[Site "Angers"]
[Date "2009.04.19"]
[Round "5"]
[White "Boudeau, Julien"]
[Black "Maisonneuve, Lionel"]
[Result "1-0"]
[WhiteElo "1694"]
[BlackElo "1630"]
[PlyCount "46"]
[EventDate "2009.04.17"]
[EventType "swiss"]
[EventRounds "6"]
[EventCountry "FRA"]
[SourceTitle "CBM 129 Extra"]
[Source "ChessBase"]
[SourceDate "2009.05.05"]
[SourceVersion "2"]
[SourceVersionDate "2009.05.20"]
[SourceQuality "1"]

1. e4 d5 2. exd5 Qxd5 3. Nc3 Qa5 4. Bc4 Nf6 5. d3 c6 6. Bd2 Bf5 7. Nd5 Qd8 8. Nxf6+ exf6 9. Qe2+ Qe7 10. 0-0-0 Qxe2 11. Nxe2 Bd6 12. h3 Be6 13. Bxe6 fxe6 14. Rhe1 Nd7 15. d4 0-0-0 16. Bf4 e5 17. dxe5 Nxe5 18. Be3 Kb8 19. Nd4 Nc4 20. Ne6 Rd7 21. Rxd6 Rxd6 22. Bf4 Re8 23. b3 Rexe6 1-0

[Event "Angers op 4th"]
[Site "Angers"]
[Date "2009.04.18"]
[Round "3"]
[White "Boudeau, Julien"]
[Black "Mahe, Romain"]
[Result "0-1"]
[WhiteElo "1694"]
[BlackElo "1993"]
[PlyCount "36"]
[EventDate "2009.04.17"]
[EventType "swiss"]
[EventRounds "6"]
[EventCountry "FRA"]
[SourceTitle "CBM 129 Extra"]
[Source "ChessBase"]
[SourceDate "2009.05.05"]
[SourceVersion "2"]
[SourceVersionDate "2009.05.20"]
[SourceQuality "1"]

1. e4 e5 2. Nf3 Nc6 3. Bb5 a6 4. Ba4 Nf6 5. 0-0 Nxe4 6. Re1 Nc5 7. Bxc6 dxc6 8. Nxe5 Be6 9. Qf3 Be7 10. d4 Qxd4 11. Nxc6 Qf6 12. Qxf6 Bxf6 13. Nb4 0-0-0 14. c3 a5 15. Nc2 Nd3 16. Rd1 Nxb2 17. Rxd8+ Rxd8 18. Nd4 Bxd4 0-1

[Event "Angers op 2nd"]
[Site "Angers"]
[Date "2007.04.15"]
[Round "6.22"]
[White "Mauget, Jean Pierre"]
[Black "Boudeau, Julien"]
[Result "1/2-1/2"]
[WhiteElo "1858"]
[BlackElo "1700"]
[PlyCount "115"]
[EventDate "2007.04.13"]
[EventType "swiss"]
[EventRounds "6"]
[EventCountry "FRA"]
[SourceTitle "CBM 117 Extra"]
[Source "ChessBase"]
[SourceDate "2007.05.09"]
[SourceVersion "1"]
[SourceVersionDate "2007.05.09"]
[SourceQuality "1"]

1. d4 Nf6 2. c4 e6 3. Nf3 d5 4. e3 b6 5. cxd5 Nxd5 6. Nc3 Bb7 7. Bb5+ c6 8. Be2 Be7 9. 0-0 0-0 10. e4 Nxc3 11. bxc3 c5 12. Qc2 Qc7 13. Ba3 Nd7 14. Rac1 Nf6 15. e5 Nd5 16. Qd2 c4 17. Bxe7 Nxe7 18. Rb1 a6 19. Qb2 Nd5 20. g3 b5 21. Nd2 Rab8 22. a3 Bc6 23. Bf3 f6 24. Ne4 fxe5 25. Bg2 exd4 26. cxd4 Nf6 27. Nc5 Qc8 28. Bh3 Bd5 29. Rfe1 Re8 30. Re5 Qc6 31. Rbe1 Rb6 32. R1e3 Nd7 33. Nxd7 Qxd7 34. f4 g6 35. f5 gxf5 36. Bxf5 a5 37. Qe2 b4 38. a4 b3 39. Qg4+ Kh8 40. Bb1 Rg8 41. Qh4 Qf7 42. Rh5 Rb7 43. Bxh7 Qxh7 44. Qf6+ Rbg7 45. Ree5 Be4 46. Rxh7+ Bxh7 47. Rxe6 b2 48. Rb6 b1Q+ 49. Rxb1 Bxb1 50. d5 Bc2 51. Qh4+ Rh7 52. Qxc4 Bxa4 53. Qxa4 Rd8 54. Qxa5 Rhd7 55. Qc3+ Kg8 56. Qf6 Rxd5 57. Qg6+ Kf8 58. Qf6+ 1/2-1/2

[Event "Angers op 2nd"]
[Site "Angers"]
[Date "2007.04.13"]
[Round "2.18"]
[White "Delaitre, Frederic"]
[Black "Boudeau, Julien"]
[Result "1-0"]
[WhiteElo "1899"]
[BlackElo "1700"]
[PlyCount "121"]
[EventDate "2007.04.13"]
[EventType "swiss"]
[EventRounds "6"]
[EventCountry "FRA"]
[SourceTitle "CBM 117 Extra"]
[Source "ChessBase"]
[SourceDate "2007.05.09"]
[SourceVersion "1"]
[SourceVersionDate "2007.05.09"]
[SourceQuality "1"]

1. c4 Nf6 2. Nc3 e5 3. g3 d6 4. Bg2 Nc6 5. d3 Be7 6. Nf3 0-0 7. 0-0 Re8 8. Nd5 Nxd5 9. cxd5 Nd4 10. Nxd4 exd4 11. b3 Bd7 12. Bb2 Bf6 13. Rc1 Rc8 14. Ba3 Bb5 15. Qd2 Bg5 16. f4 Bf6 17. Be4 c6 18. Qb4 cxd5 19. Bxd5 Bc6 20. Bxc6 bxc6 21. Qxd6 Qxd6 22. Bxd6 Rxe2 23. Rfe1 Rce8 24. Kf1 Rxe1+ 25. Rxe1 Rxe1+ 26. Kxe1 Bd8 27. Bc5 Bb6 28. Bd6 f5 29. b4 a5 30. bxa5 Bxa5+ 31. Ke2 Kf7 32. Kf3 h5 33. h3 Ke6 34. Be5 g6 35. Bxd4 Kd5 36. Bf2 Bd8 37. Ke2 c5 38. Kd2 c4 39. d4 Bb6 40. Kc3 Ba5+ 41. Kb2 Bb6 42. a4 Ba5 43. Ka3 Kd6 44. Kb2 Kd5 45. Kc2 Kd6 46. Kd1 Kd5 47. Be1 Bb6 48. Bc3 Ke4 49. a5 Ba7 50. Ke2 Kd5 51. Kf3 Kc6 52. g4 h4 53. gxf5 gxf5 54. d5+ Kxd5 55. Bf6 Kc6 56. Bxh4 Kb5 57. Bd8 Bd4 58. Bc7 c3 59. Ke2 Kc4 60. Bb6 Bh8 61. a6 1-0